| 000 | 00585nam a2200181Ia 4500 | ||
|---|---|---|---|
| 003 | GCL | ||
| 008 | 140319s9999 xx 000 0 ara d | ||
| 040 |
_aGCL / _cGCL |
||
| 082 | 0 | 4 |
_a551.46 _bع ع |
| 100 | 1 | _aعبدالمنعم الصاوى | |
| 245 | 1 | 0 |
_aالعلم والمجتمع / _cعبدالمنعم الصاوى |
| 300 | _a144 ص | ||
| 490 |
_aالهيئة العامة للاستعلامات _v0 |
||
| 650 | 0 | 4 | _aالبحار والمحيطات |
| 650 | 0 | 4 | _aالاكتشافات تحت الماء |
| 650 | 0 | 4 | _aجيولوجيا اعماق البحار |
| 942 |
_2ddc _cBK |
||
| 999 |
_c50949 _d50949 |
||